Normal view
MARC view
Entry Personal Name
001 - CONTROL NUMBER
- control field: 83972
003 - CONTROL NUMBER IDENTIFIER
- control field: OSt
005 - DATE AND TIME OF LATEST TRANSACTION
- control field: 20260408155835.0
008 - FIXED-LENGTH DATA ELEMENTS
- fixed length control field: 260408|| aca||aabn | a|a d
040 ## - CATALOGING SOURCE
- Original cataloging agency: OSt
- Transcribing agency: OSt
100 ## - HEADING--PERSONAL NAME
- Personal name: Mondini,Umberto
670 ## - SOURCE DATA FOUND
- Source citation: Work cat.: (OSt)68988: Mondini,Umberto, The history of india an introduction, 2021









